TV Bosses by Picture Quiz Stats

 Plays Quiz Updated Apr 25, 2015

Also try: TV Bosses
Challenge
Share
Tweet
Score 0/24 Timer 05:00
3 Plays Today
Boss % Correct
Michael Scott (The Office (US))
94.4%
Montgomery Burns (The Simpsons)
90.1%
Jean Luc Picard (Star Trek: The Next Generation)
88.6%
Eugene Krabs (SpongeBob SquarePants)
84.3%
Sherman T. Potter (M*A*S*H)
81.5%
Don Draper (Mad Men)
79.4%
Jack Donaghy (30 Rock)
76.7%
Cosmo Spacely (The Jetsons)
75.3%
Josiah Bartlet (The West Wing)
72.2%
Hubert Farnsworth (Futurama)
71.8%
Bob Kelso (Scrubs)
68.1%
Louie De Palma (Taxi)
67.1%
Boss % Correct
Rebecca Howe (Cheers)
66.1%
Andy Taylor (The Andy Griffith Show)
64.1%
J. Peterman (Seinfeld)
60.7%
Boss Hogg (The Dukes of Hazzard)
55.9%
Angela Bower (Who's the Boss?)
51.5%
Ari Gold (Entourage)
49.9%
Lou Grant (The Mary Tyler Moore Show)
49.7%
Wilhelmina Slater (Ugly Betty)
36.4%
Arthur Carlson (WKRP in Cincinnati)
31.1%
Alan Brady (The Dick Van Dyke Show)
30.5%
Jimmy James (Newsradio)
26.6%
Phillip Broyles (Fringe)
16.9%

You're not logged in!

Compare scores with friends on all Sporcle quizzes.
OR
Log In

You Might Also Like...

Show Comments

Extras

Top Quizzes Today


Score Distribution

Your Account Isn't Verified!

In order to create a playlist on Sporcle, you need to verify the email address you used during registration. Go to your Sporcle Settings to finish the process.

Report this User

Report this user for behavior that violates our Community Guidelines.

Details: